| 000 | 01344cad a22002055a 4500 | ||
|---|---|---|---|
| 001 | E153566 | ||
| 008 | 110808s2010 xxk 000 0 eng d | ||
| 035 | _a(Sirsi) u153566 | ||
| 041 | 0 | _aeng | |
| 245 | 0 | 0 |
_aMiss Alison Craighead and others v Homes for Islington Limited and The London Borough of Islington _h[electronic resource] |
| 260 | _c2011 | ||
| 520 | _a[2010] UKUT 47 (LC) 24 February 2010. An appeal under the Landlord and Tenant Act 1985 S27A against a decision by the Leasehold Valuation Tribunal in relation to liability for service charges. The disputed element related to "external repairs & decoration, window/roof renewal", costing around £5.7m. One of the issues under discussion was whether the replacement of single-glazed windows with double-glazed constituted an improvement or a repair. "Held" the replacement of the windows was effectively a repair, and the appeal was dismissed. | ||
| 590 | _aKA | ||
| 650 | 2 | 4 | _aLANDLORD AND TENANT ACT 1985 S27A |
| 650 | 2 | 4 | _aCRAIGHEAD AND ORS V HOMES FOR ISLINGTON LTD AND LONDON BOROUGH OF ISLINGTON |
| 651 | 4 |
_aEngland and Wales _y1543- |
|
| 690 | _aPROPERTY-LEASEHOLD PROPERTY-LANDLORD AND TENANT-SERVICE CHARGES | ||
| 856 | 4 | 0 |
_uhttps://www.landstribunal.gov.uk/judgmentfiles/j670/LRX-2-2009.pdf _zView the judgement free of charge at www.landstribunal.gov.uk |
| 942 | _n0 | ||
| 999 |
_c83315 _d83315 |
||